LEADER 00895nam0 2200277 450 001 000018383 005 20081029134014.0 100 $a20081029d1972----km-y0itay50------ba 101 0 $aita 102 $aIT 105 $ay-------001yy 200 1 $aLezioni sulla riforma tributaria$fGaspare Falsitta 210 $aPadova$cCedam$d1972 215 $aXI, 442 p.$d24 cm 500 10$aLezioni sulla riforma tributaria$933054 610 1 $aTributi$aLegislazione 610 1 $aItalia$aOrdinamento tributario$aRiforma 676 $a336$v17$9Finanza pubblica, tributi 676 $a336$v18$9Finanza pubblica, tributi 676 $a343.4504$v19$9Diritto tributario. Italia 700 1$aFalsitta,$bGaspare$0109815 801 0$aIT$bUNIPARTHENOPE$c20081029$gRICA$2UNIMARC 912 $a000018383 951 $a321/37$b4380$cNAVA2 996 $aLezioni sulla riforma tributaria$933054 997 $aUNIPARTHENOPE